000 01582nam a2200349 c 4500
999 _c133494
_d133494
003 BLK
005 20240223144838.0
008 180409b bul|||||r ||||||| ||bul||
010 _aKNG00139389000
040 _aBLK
041 _aBUL
_cBUL
072 7 _2bullib
_aА
_xФонд Михаил Арнаудов
080 _aБългарска литература
_b821.163.2
_x-1
_z821.163.2-1
100 1 _aВазов, Иван Минчов
_eпърви автор
_9363396
139 _aВазов, Иван Минчов
_bВ 15
245 1 0 _aПитат ли ме де зората...
_bИзбрани стихове
_cИван Минчов Вазов; състав. и ред. Иван Николов.
257 _aBGR
260 _aПловдив
_bХристо Г. Данов
_c1970
_fПловдив : Д. Благоев
300 _a179 с.
_c16 см
380 _aX
500 _aФонд Михаил Арнаудов - Печат: Иван Вазов 1850-1970 - 120 г. от рождението. В средата портрет на Ив. Вазов. - Твърда подв.
659 _aА
700 1 _aНиколов, Иван
_eсъстав. и ред.
_gИванов, Иван Николов
_9364850
852 _aЦб І 11776 ; Цб МА 2038
856 4 _qpdf
856 4 _qpdf
942 _cKNG
_n0
_03
_s1
944 _aCR
_c12.02.2013
_lГрета Цуфелде
_k30537
944 _aED
_c06.02.2017
_l12.02.2013 - от С1,Р / 12.02.2013
_kГеновева_Генчева
999 _d133494
999 _d133494